000 00662nam a22002537a 4500
003 UA-OsUOA
001 24289
007 ta
008 20040212b un ||||| |||| 00| 0 ukr d
100 _aСорока Михайло
090 _a327(477)
_bС65
942 _cBK
040 _aUA-OsUOA
_bukr
_cUA-OsUOA
_dUA-OsUOA
245 _aСвіт відкриває Україну
_bСтатті. Документи. Коментарі
300 _a783 с.
955 _a0
041 _aukr
080 _a327(477)
020 _a966-7270-14-9
260 _aКиїв
_bКиївська правда
_c2001
044 _aUA
650 7 _2UDC
999 _c310556
_d310556